| 000 | 00677nam a2200253Ia 4500 | ||
|---|---|---|---|
| 008 | 160517s9999 xx 000 0 und d | ||
| 020 | _a981-4057-98-3 | ||
| 050 | _aComSc TK 5105.875 | ||
| 050 | _b.I57P47 2000 | ||
| 100 | _aPerry, James T. | ||
| 245 | _aNew perspectives on the Internet : | ||
| 245 | _bcomprehensive / | ||
| 245 | _cJames T. Perry, Gary P. Schneider. | ||
| 250 | _a2nd Edition | ||
| 260 | _aSingapore : | ||
| 260 | _bThomson Learning Asia., | ||
| 260 | _c2000 | ||
| 300 | _aA11 pages : | ||
| 300 | _bill. ; | ||
| 300 | _c25 cm. | ||
| 440 | _a New perspective series | ||
| 500 | _aIncludes index. | ||
| 650 | _aInternet (Computer network). | ||
| 999 |
_c294196 _d294196 |
||